书目信息 |
| 题名: |
男人的八种人格
|
|
| 作者: | 克莱因汉茨 著 ;胡伟珊 译 | |
| 分册: | ||
| 出版信息: | 北京 现代出版社 2015 |
|
| 页数: | 226页 | |
| 开本: | 23cm | |
| 丛书名: | ||
| 单 册: | ||
| 中图分类: | B848-49 | |
| 科图分类: | ||
| 主题词: | 男性--nan xing--人格心理学--通俗读物 | |
| 电子资源: | ||
| ISBN: | 978-7-5143-4576-6 | |
| 000 | 01249nam0 22002891 450 | |
| 001 | 0120081929 | |
| 005 | 20170320081929.0 | |
| 010 | @a978-7-5143-4576-6@dCNY32.00 | |
| 100 | @a20160412d2015 em y0chiy50 ea | |
| 101 | 1 | @achi@cger |
| 102 | @aCN@b110000 | |
| 105 | @aa z 000yy | |
| 106 | @ar | |
| 200 | 1 | @a男人的八种人格@9nan ren de ba zhong ren ge@e你的人格决定你的人生@f(德)苏珊娜·克莱因汉茨著@g胡伟珊译 |
| 210 | @a北京@c现代出版社@d2015 | |
| 215 | @a226页@c图@d23cm | |
| 305 | @a本书中文简体字版由北京文化传媒有限公司独家授权 | |
| 305 | @a书名原文:Der Mann im weiblichen Jahrhundert | |
| 330 | @a本书依据古希腊神话的男神原型以及瑞士著名心理学家荣格的人格学说,将希腊男神分为8种类型,帮助读者了解自己的人格特征、优势项、天然的成功策略、需要学习的策略等。同时分析读者的行为模式,从而提出处理问题的解决方法,帮助读者在21世纪的转型时代,平衡好职场和情感生活。 | |
| 510 | 1 | @aMann im weiblichen Jahrhundert@zger |
| 517 | 1 | @a你的人格决定你的人生@9ni de ren ge jue ding ni de ren sheng |
| 606 | 0 | @a男性@9nan xing@x人格心理学@j通俗读物 |
| 690 | @aB848-49@v5 | |
| 701 | 0 | @c(德)@a克莱因汉茨@9ke lai yin han ci@4著 |
| 702 | 0 | @a胡伟珊@9hu wei shan@4译 |
| 801 | 0 | @aCN@bTANGWEI@c20170308 |
| 905 | @b0954582-4@dB848-49@e1517@f3 | |
| 男人的八种人格:你的人格决定你的人生/(德)苏珊娜·克莱因汉茨著/胡伟珊译.-北京:现代出版社,2015 |
| 226页:图;23cm |
| ISBN 978-7-5143-4576-6:CNY32.00 |
| 本书依据古希腊神话的男神原型以及瑞士著名心理学家荣格的人格学说,将希腊男神分为8种类型,帮助读者了解自己的人格特征、优势项、天然的成功策略、需要学习的策略等。同时分析读者的行为模式,从而提出处理问题的解决方法,帮助读者在21世纪的转型时代,平衡好职场和情感生活。 |
| ● |
| 相关链接 |
|
|
|
|
正题名:男人的八种人格
索取号:B848-49/1517
 
预约/预借
| 序号 | 登录号 | 条形码 | 馆藏地/架位号 | 状态 | 备注 |
| 1 | 0954582 | 209545820 | 第一样本阅览室/ [索取号:B848-49/1517] | 在馆 | |
| 2 | 0954583 | 209545839 | 第一借阅区/ [索取号:B848-49/1517] | 在馆 | |
| 3 | 0954584 | 209545848 | 第一借阅区/ [索取号:B848-49/1517] | 在馆 |